[Event "Staufer op 20th"]
[Site "Schwaebisch Gmuend"]
[Date "2008.01.02"]
[Round "1"]
[White "Lechner, Otto"]
[Black "Rau, Hannes"]
[Result "0-1"]
[WhiteElo "1948"]
[BlackElo "2428"]
[PlyCount "56"]
[EventDate "2008.01.02"]
[EventType "swiss"]
[EventRounds "9"]
[EventCountry "GER"]
[SourceTitle "CBM 122 Extra"]
[Source "ChessBase"]
[SourceDate "2008.03.04"]
[SourceVersion "1"]
[SourceVersionDate "2008.03.04"]
[SourceQuality "1"]

1. e4 c5 2. Nf3 Nc6 3. d4 cxd4 4. Nxd4 Nf6 5. Nc3 d6 6. Be2 e5 7. Nb3 a5 8. Bb5 Be7 9. 0-0 0-0 10. Re1 Be6 11. Bg5 Na7 12. Bd3 Nc8 13. Nd2 Ng4 14. Bxe7 Nxe7 15. Nf3 Qb6 16. Qd2 Rac8 17. Rab1 f5 18. h3 Nf6 19. Ng5 Bd7 20. Qe2 fxe4 21. Ngxe4 d5 22. Nxf6+ Rxf6 23. Bb5 Be6 24. Rf1 Ng6 25. a4 e4 26. Rbd1 Nf4 27. Qe3 Qc7 28. Kh1 Rh6 0-1

[Event "Schwaben-ch"]
[Site "Mering"]
[Date "2002.05.31"]
[Round "3"]
[White "Woerl, Richard"]
[Black "Lechner, Otto"]
[Result "0-1"]
[WhiteElo "2078"]
[BlackElo "2007"]
[PlyCount "86"]
[EventDate "2002.05.??"]
[EventType "swiss"]
[EventRounds "9"]
[EventCountry "GER"]
[SourceTitle "EXT 2005"]
[Source "ChessBase"]
[SourceDate "2004.11.15"]
[SourceVersion "1"]
[SourceVersionDate "2004.11.15"]
[SourceQuality "1"]

1. e4 d5 2. exd5 Qxd5 3. Nc3 Qa5 4. Nf3 c6 5. a3 Nf6 6. d4 Bf5 7. Bd3 Bg4 8. h3 Qh5 9. Be2 Bxf3 10. Bxf3 Qg6 11. 0-0 e6 12. Be2 Nbd7 13. Bd3 Qh5 14. Qxh5 Nxh5 15. Ne4 Be7 16. c3 h6 17. Re1 0-0 18. Re3 Kh8 19. Ng3 Nf4 20. Rf3 Nxd3 21. Rxd3 Nf6 22. Bf4 Rad8 23. Re1 Rd7 24. Ne4 Rfd8 25. Nxf6 Bxf6 26. Re2 c5 27. Red2 cxd4 28. Be3 e5 29. cxd4 exd4 30. Bf4 Rc8 31. g4 g5 32. Bh2 Kg7 33. f4 Re7 34. Kf2 Rce8 35. Kf3 Re3+ 36. Rxe3 Rxe3+ 37. Kg2 Rb3 38. f5 d3 39. Kf3 Rxb2 40. Rxb2 Bxb2 41. a4 Bc1 42. Bg1 a6 43. Be3 d2 0-1

[Event "Bad Woerishofen op 18th"]
[Site "Bad Woerishofen"]
[Date "2002.??.??"]
[Round "3"]
[White "Pohlers, Juergen"]
[Black "Lechner, Otto"]
[Result "1-0"]
[WhiteElo "2133"]
[BlackElo "2007"]
[PlyCount "85"]
[EventDate "2002.03.??"]
[EventType "swiss"]
[EventRounds "9"]
[EventCountry "GER"]
[SourceTitle "EXT 2003"]
[Source "ChessBase"]
[SourceDate "2002.11.25"]
[SourceVersion "1"]
[SourceVersionDate "2002.11.25"]
[SourceQuality "1"]

1. d4 Nf6 2. c4 g6 3. Nc3 Bg7 4. e4 d6 5. Nf3 0-0 6. h3 e5 7. dxe5 dxe5 8. Qxd8 Rxd8 9. Bg5 Re8 10. Rd1 c6 11. Be2 Na6 12. Be3 Nd7 13. a3 Nf8 14. 0-0 Bd7 15. Rd6 b6 16. b4 h6 17. Rfd1 Nb8 18. b5 Rc8 19. a4 Kh7 20. g4 cxb5 21. axb5 Be6 22. Nd5 Nbd7 23. Ra1 Bxd5 24. Rxd5 Nf6 25. Rd3 Nxe4 26. Rda3 Rcb8 27. Rxa7 Rxa7 28. Rxa7 Kg8 29. Nd2 Nd6 30. Bf3 e4 31. Bxe4 Nxe4 32. Nxe4 Ne6 33. Nd6 Be5 34. Nxf7 Bc7 35. Nxh6+ Kg7 36. g5 Kf8 37. Kg2 Rd8 38. Rb7 Rd3 39. Ng4 Rc3 40. Nf6 Rxc4 41. Nd7+ Ke8 42. Nxb6 Rc2 43. Nd5 1-0

[Event "Bad Woerishofen op 17th"]
[Site "Bad Woerishofen"]
[Date "2001.??.??"]
[Round "8"]
[White "Gossmann, Ewald J"]
[Black "Lechner, Otto"]
[Result "1-0"]
[WhiteElo "2014"]
[BlackElo "1810"]
[PlyCount "73"]
[EventDate "2001.03.15"]
[EventType "swiss"]
[EventRounds "9"]
[EventCountry "GER"]
[SourceTitle "CBM 081 Extra"]
[Source "ChessBase"]
[SourceDate "2001.05.06"]
[SourceVersion "1"]
[SourceVersionDate "2001.05.06"]
[SourceQuality "1"]

1. d4 Nf6 2. c4 e5 3. dxe5 Ng4 4. Nf3 Bc5 5. e3 Nc6 6. Nc3 Ngxe5 7. Nxe5 Nxe5 8. a3 a5 9. Qd5 d6 10. Qe4 0-0 11. b3 Re8 12. Qf4 Bd7 13. Be2 Rb8 14. Bb2 c6 15. Ne4 Ng6 16. Qf3 Qe7 17. Nxc5 dxc5 18. Rd1 b5 19. 0-0 a4 20. bxa4 b4 21. axb4 cxb4 22. c5 Ra8 23. Rd6 Rxa4 24. Rfd1 Ra7 25. Bc4 Rf8 26. Bb3 Kh8 27. Qe2 Nh4 28. Qd3 Qg5 29. g3 Bh3 30. Rd8 Ra8 31. Rxa8 Rxa8 32. f4 Qe7 33. gxh4 Qxh4 34. e4 Bg4 35. Qd4 Rg8 36. Ra1 Bf3 37. Qxg7+ 1-0

[Event "Bad Woerishofen op 17th"]
[Site "Bad Woerishofen"]
[Date "2001.??.??"]
[Round "5"]
[White "Lechner, Otto"]
[Black "Warnk, Torsten"]
[Result "0-1"]
[WhiteElo "1810"]
[BlackElo "2039"]
[PlyCount "158"]
[EventDate "2001.03.15"]
[EventType "swiss"]
[EventRounds "9"]
[EventCountry "GER"]
[SourceTitle "CBM 081 Extra"]
[Source "ChessBase"]
[SourceDate "2001.05.06"]
[SourceVersion "1"]
[SourceVersionDate "2001.05.06"]
[SourceQuality "1"]

1. d4 d5 2. c4 c6 3. Nf3 g6 4. e3 Bg7 5. Nc3 Nf6 6. b3 0-0 7. Bb2 Bg4 8. Be2 Nbd7 9. 0-0 Re8 10. cxd5 Nxd5 11. Nxd5 cxd5 12. Rc1 Qb6 13. Qd2 Rac8 14. h3 Bf5 15. Rfd1 Nf6 16. Ne5 Ne4 17. Qe1 f6 18. Nd3 Bh6 19. b4 Bd7 20. Rxc8 Rxc8 21. Rc1 Bc6 22. a4 a6 23. Ba3 Qd8 24. Bg4 f5 25. Bd1 Bg7 26. Bb3 e6 27. Nf4 Kf7 28. f3 Nd6 29. Rc2 b5 30. a5 Nc4 31. Bc1 Bf8 32. Nd3 Qf6 33. f4 Bd6 34. h4 Be7 35. g3 h6 36. Rh2 Bd6 37. Qe2 Qe7 38. Bd2 Rg8 39. Be1 Qc7 40. Rg2 Kf6 41. g4 Qh7 42. g5+ Ke7 43. Rh2 Rh8 44. Bxc4 bxc4 45. Nc5 Bb5 46. gxh6 Qxh6 47. Qg2 Kf7 48. Qf3 g5 49. Bg3 g4 50. Qd1 Qf6 51. Qe1 Rb8 52. h5 Qh6 53. Bh4 Rh8 54. Bg5 Qf8 55. h6 Rh7 56. Qh4 Qg8 57. Bf6 Qg6 58. Bg7 Be7 59. Qh5 Qxh5 60. Rxh5 Bf6 61. Bxf6 Kxf6 62. Kg2 Kg6 63. Rg5+ Kf6 64. Rh5 c3 65. Nb3 Kg6 66. Rg5+ Kxh6 67. Rg8 Rc7 68. Kf2 Rg7 69. Rc8 Bc4 70. Nc1 Kg6 71. Re8 Kf6 72. Rh8 Rb7 73. Rh6+ Kg7 74. Rxe6 Rxb4 75. Ke1 g3 76. Re7+ Kf6 77. Re8 g2 78. Rg8 Rb2 79. Kd1 Rf2 0-1

[Event "Bad Woerishofen op 16th"]
[Site "Bad Woerishofen"]
[Date "2000.03.21"]
[Round "5"]
[White "Lechner, Otto"]
[Black "Loos, Udo"]
[Result "0-1"]
[WhiteElo "1820"]
[BlackElo "2107"]
[PlyCount "78"]
[EventDate "2000.03.??"]
[EventType "swiss"]
[EventRounds "9"]
[EventCountry "GER"]
[SourceTitle "CBM 075 Extra"]
[Source "ChessBase"]
[SourceDate "2000.05.11"]
[SourceVersion "2"]
[SourceVersionDate "2000.05.11"]
[SourceQuality "1"]

1. e4 c5 2. Nf3 Nc6 3. d4 cxd4 4. Nxd4 g6 5. Nc3 Bg7 6. Be3 Nf6 7. f3 0-0 8. Qd2 d5 9. Nxc6 bxc6 10. Rd1 Be6 11. exd5 Nxd5 12. Bd4 Bxd4 13. Qxd4 Qa5 14. a3 Rab8 15. Qa4 Qxa4 16. Nxa4 Ne3 17. Rd2 Bc4 18. Bd3 Bxd3 19. cxd3 Rfd8 20. Nc3 Rd7 21. Nd1 Nd5 22. g3 Nb6 23. Nc3 Rbd8 24. Re2 e6 25. 0-0 Rxd3 26. Rff2 Nc4 27. Ne4 Rb8 28. Nc5 Rd5 29. Na6 Rb6 30. Nb4 Rd1+ 31. Kg2 a5 32. Na2 Rb1 33. b4 Nxa3 34. bxa5 Ra6 35. Nc3 Rc1 36. Ne4 Rxa5 37. Ra2 Nc4 38. Rae2 Kg7 39. Ng5 Rxg5 0-1

[Event "Augsburg Afro op"]
[Site "Augsburg"]
[Date "1998.??.??"]
[Round "6"]
[White "Lechner, Otto"]
[Black "Karch, Harald"]
[Result "0-1"]
[WhiteElo "1690"]
[BlackElo "1840"]
[PlyCount "106"]
[EventDate "1998.??.??"]
[EventType "swiss"]
[EventRounds "7"]
[EventCountry "GER"]
[SourceTitle "EXT 2004"]
[Source "ChessBase"]
[SourceDate "2003.11.25"]
[SourceVersion "1"]
[SourceVersionDate "2003.11.25"]
[SourceQuality "1"]

1. Nf3 c5 2. g3 g6 3. Bg2 Bg7 4. 0-0 Nc6 5. c4 d6 6. Nc3 Bd7 7. e3 Nf6 8. d4 cxd4 9. exd4 0-0 10. Re1 Na5 11. Qe2 Re8 12. b3 e6 13. Bg5 h6 14. Bxf6 Qxf6 15. Ne4 Qe7 16. Qd2 b6 17. Rac1 Rac8 18. c5 dxc5 19. dxc5 Red8 20. cxb6 axb6 21. Rxc8 Bxc8 22. Qe3 Qb4 23. Qf4 Qe7 24. Rc1 Ba6 25. Bf1 Bxf1 26. Kxf1 e5 27. Qe3 Qe6 28. Rc7 f5 29. Ned2 e4 30. Nh4 g5 31. Nhf3 Qd6 32. Rxg7+ Kxg7 33. Nxg5 Qxd2 34. Ne6+ Kg6 35. Qxb6 Rd6 36. Nf8+ Kf7 37. Qc7+ Kxf8 38. Qh7 Qd1+ 39. Kg2 Qf3+ 40. Kh3 Qg4+ 41. Kg2 Qg6 42. Qh8+ Kf7 43. b4 Nc6 44. b5 Nd4 45. a4 Nf3 46. Qc3 Qf6 47. Qc7+ Kg6 48. a5 Rd1 49. Qc8 Rg1+ 50. Kh3 Ng5+ 51. Kh4 Nf7+ 52. Kh3 Kh5 53. Qg8 Ng5+ 0-1

[Event "Augsburg Afro op"]
[Site "Augsburg"]
[Date "1998.??.??"]
[Round "5"]
[White "Lechner, Otto"]
[Black "Kistler, Siegfried"]
[Result "1/2-1/2"]
[WhiteElo "1690"]
[BlackElo "1800"]
[PlyCount "99"]
[EventDate "1998.??.??"]
[EventType "swiss"]
[EventRounds "7"]
[EventCountry "GER"]
[SourceTitle "EXT 2004"]
[Source "ChessBase"]
[SourceDate "2003.11.25"]
[SourceVersion "1"]
[SourceVersionDate "2003.11.25"]
[SourceQuality "1"]

1. Nf3 Nf6 2. c4 g6 3. d4 Bg7 4. Nc3 d6 5. e4 0-0 6. Be3 c6 7. h3 Nbd7 8. Qd2 e5 9. d5 cxd5 10. cxd5 a6 11. Bc4 b5 12. Bd3 Bb7 13. Rc1 Rc8 14. Bb1 Nb6 15. Bxb6 Qxb6 16. 0-0 Nh5 17. Rcd1 a5 18. Kh2 Ba6 19. Rfe1 Rc7 20. Ng1 Rfc8 21. g3 Qa7 22. Kg2 b4 23. Nce2 Rc5 24. Nc1 R5c7 25. Nge2 Qb6 26. Nd3 Nf6 27. f3 h5 28. Rc1 Kh7 29. Rxc7 Rxc7 30. Nec1 Bh6 31. Qf2 Qxf2+ 32. Kxf2 Nd7 33. Nb3 Bxd3 34. Bxd3 Nc5 35. Nxc5 Rxc5 36. Rd1 a4 37. b3 axb3 38. axb3 Rc3 39. Ke2 Rxb3 40. Rb1 Rxb1 41. Bxb1 Bc1 42. Bc2 Kh6 43. Kd1 Be3 44. Ke2 Bc5 45. f4 h4 46. fxe5 hxg3 47. Kf3 dxe5 48. Kxg3 Kg5 49. h4+ Kf6 50. Kg4 1/2-1/2

[Event "Augsburg Afro op"]
[Site "Augsburg"]
[Date "1998.??.??"]
[Round "4"]
[White "Ostertag, Ralph"]
[Black "Lechner, Otto"]
[Result "1/2-1/2"]
[WhiteElo "1820"]
[BlackElo "1690"]
[PlyCount "59"]
[EventDate "1998.??.??"]
[EventType "swiss"]
[EventRounds "7"]
[EventCountry "GER"]
[SourceTitle "EXT 2004"]
[Source "ChessBase"]
[SourceDate "2003.11.25"]
[SourceVersion "1"]
[SourceVersionDate "2003.11.25"]
[SourceQuality "1"]

1. e4 c6 2. d4 d5 3. exd5 cxd5 4. c4 Nf6 5. Nc3 e6 6. Nf3 Nc6 7. c5 Be7 8. Bb5 0-0 9. Bxc6 bxc6 10. Qa4 Bd7 11. 0-0 Qc7 12. Ne5 Rfc8 13. f4 Be8 14. Bd2 Rcb8 15. Rfb1 Rb7 16. b4 Rab8 17. Rb2 Bd8 18. Rab1 a5 19. a3 Qc8 20. Qc2 g6 21. Bc1 Nh5 22. Qd3 axb4 23. axb4 f6 24. Nf3 Ng7 25. b5 cxb5 26. Nxb5 Bxb5 27. Rxb5 Qc6 28. Rxb7 Rxb7 29. Bd2 Bc7 30. Rb3 1/2-1/2

[Event "Augsburg Afro op"]
[Site "Augsburg"]
[Date "1998.??.??"]
[Round "1"]
[White "Schoenau, Helmut"]
[Black "Lechner, Otto"]
[Result "1-0"]
[WhiteElo "2050"]
[BlackElo "1690"]
[PlyCount "89"]
[EventDate "1998.??.??"]
[EventType "swiss"]
[EventRounds "7"]
[EventCountry "GER"]
[SourceTitle "EXT 2004"]
[Source "ChessBase"]
[SourceDate "2003.11.25"]
[SourceVersion "1"]
[SourceVersionDate "2003.11.25"]
[SourceQuality "1"]

1. d4 Nf6 2. c4 c5 3. d5 b5 4. cxb5 a6 5. bxa6 Bxa6 6. Nc3 g6 7. e4 Bxf1 8. Kxf1 d6 9. h4 Bg7 10. Nge2 Nbd7 11. Rh3 0-0 12. Rb1 Qa5 13. a3 Rfb8 14. Nf4 Ne5 15. Kg1 c4 16. Qc2 Nfd7 17. Bd2 Nc5 18. Na2 Qb5 19. Nb4 Rc8 20. Bc3 Ncd7 21. Ne2 Nb6 22. Bxe5 dxe5 23. h5 Qd7 24. hxg6 hxg6 25. Nc3 Rc5 26. Qd2 Nc8 27. Qg5 Nd6 28. Qh4 f6 29. f4 exf4 30. Qxf4 Nf7 31. Nc6 Ng5 32. Rh4 Nf7 33. Qe3 Qd6 34. a4 Rxc6 35. dxc6 Qxc6 36. Nd5 Qd6 37. Nb6 f5 38. exf5 Rd8 39. Nxc4 Qb4 40. fxg6 Ne5 41. b3 Rd3 42. Qe4 Qc5+ 43. Kh1 Rd5 44. Nxe5 Bxe5 45. Qf5 1-0